Fundamentals of Software Engineering (Record no. 3013)

MARC details
000 -LEADER
fixed length control field 00883pam a2200253 a 4500
001 - CONTROL NUMBER
control field 580305
003 - CONTROL NUMBER IDENTIFIER
control field OSt
005 - DATE AND TIME OF LATEST TRANSACTION
control field 20190822121611.0
008 - FIXED-LENGTH DATA ELEMENTS--GENERAL INFORMATION
fixed length control field 901001s1991 njua b 001 0 eng
010 ## - LIBRARY OF CONGRESS CONTROL NUMBER
LC control number 90020198
020 ## - INTERNATIONAL STANDARD BOOK NUMBER
International Standard Book Number 0138204322
040 ## - CATALOGING SOURCE
Original cataloging agency DLC
Transcribing agency DLC
Modifying agency DLC
050 00 - LIBRARY OF CONGRESS CALL NUMBER
Classification number QA76.758
Item number .G47 1991
082 00 - DEWEY DECIMAL CLASSIFICATION NUMBER
Classification number 005.1
Edition number 20
Item number GHE 1991
100 1# - MAIN ENTRY--PERSONAL NAME
Personal name Ghezzi, Carlo; Mehdi, Jazayeri; Dino, Mandrioli.
9 (RLIN) 6583
245 10 - TITLE STATEMENT
Title Fundamentals of Software Engineering
260 ## - PUBLICATION, DISTRIBUTION, ETC. (IMPRINT)
Place of publication, distribution, etc. Englewood Cliffs, NJ :
Name of publisher, distributor, etc. Prentice Hall,
Date of publication, distribution, etc. 1991.
300 ## - PHYSICAL DESCRIPTION
Extent xv, 573 p. :
Other physical details ill. ;
Dimensions 24 cm.
504 ## - BIBLIOGRAPHY, ETC. NOTE
Bibliography, etc Includes bibliographical references (p. 539-566) and index.
650 #0 - SUBJECT ADDED ENTRY--TOPICAL TERM
Topical term or geographic name as entry element Software engineering.
9 (RLIN) 565
906 ## - LOCAL DATA ELEMENT F, LDF (RLIN)
a 7
b cbc
c orignew
d 1
e ocip
f 19
g y-gencatlg
942 ## - ADDED ENTRY ELEMENTS (KOHA)
Source of classification or shelving scheme Dewey Decimal Classification
Koha item type Short Loan
Holdings
Withdrawn status Lost status Source of classification or shelving scheme Damaged status Not for loan Home library Current library Date acquired Inventory number Total Checkouts Full call number Barcode Date last seen Koha item type
    Dewey Decimal Classification     MUST Main Library MUST Main Library 09/02/2016 01/16485   005.1 GHE 1991 2016-0146 09/02/2016 Short Loan